000 02199cam a22004334i 4500
003 PE-LiUPU
005 20250731173241.0
008 150625s r 000 0 d
035 _a(Sirsi) a35296
040 _aPE-LiUPU
_bspa
_cPE-LiUPU
_erda
049 _aPRUA
082 0 4 _a234.1
_bD36
_221
100 1 _ade Jong, Fredrica,
_eautor.
245 1 0 _aLuz en mi camino /
_cFredrica de Jong.
264 1 _aMichigan :
_bIglesia Cristiana Reformada,
_c1973.
300 _a165 páginas :
_bilustraciones ;
_c23 centímetros
336 _atext
_2rdacontent
337 _aunmediated
_2rdamedia
338 _avolume
_2rdacarrier
505 0 _aComo aprendemos a conocer a Dios -- ¿Quién es Dios? -- Dios creo todas las cosas -- Dios cuida de ti -- Como creó Dios al hombre -- Los ángeles -- Lo que hemos estudiado -- Como entró el pecado en el mundo -- Dios promete enviar un salvador -- Nace el salvador -- La obra de nuestro salvador Jesús -- Jesús sufre por nuestros pecados -- Jesús vive por nosotros -- Jesús nos salva del pecado -- Jesús nos habla acerca del Espíritu Santo -- Creer sin ver -- Viviendo para Jesús -- Como puedes demostrar tu amor hacia Dios -- Dios da los diez mandamientos -- ¿Qué es la oración? -- Dios te ayuda a vivir para El -- "Padre nuestro que estás en los cielos" -- ¿Qué es la iglesia? -- ¿Qué es el bautismo? -- La cena del Señor -- ¿Qué ocurre cuando muero? -- Jesús vendra otra vez -- Lo que he aprendido.
526 _aSEG42
526 _aSEG41
526 _aSEG40
526 _aSEG39
526 _aP94
526 _aP87
526 _aP86
526 _aP85
526 _aP77
526 _aP76
526 _aP35
910 _adbm
_bncf
_cncf
_d20190528
942 _2ddc
_cBOOK
949 _a234.1 D36
_wDEWEY
_c1
_i21120
_lCCODEBUL1
_mBUL
_p00.00
_r0
_sY
_tBOOK
_u2015-06-25
_xBIBLIOTECA
_zUNKNOWN
_0COMPRA
_o.STAFF. Colección Teología
994 _aC0
_bPEPRU
596 _a1
999 _a234.1 D36
_wDEWEY
_c43244
_i21120
_f2021-11-29
_g5
_lCCODEBUL1
_mBUL
_p12.00
_r0
_sY
_tBOOK
_u2015-6-25
_xTEOLOGIA
_PP35
_0COMPRA
_o.STAFF. Colección Teología
_d43244
980 _81
_gALBERTO SANCHEZ Responsable de Automatización